000 00906nam a22002297a 4500
999 _c7128
_d7128
003 AR-CdUCM
008 190320b ||||| |||| 00| 0 spa d
020 _a84-89293-
040 _aMUNICIPALIDAD PROVINCIAL DEL CUSCO
_cBIBLIOTECA MUNICIPAL DEL CUSCO
082 _a658.404 /
_bJ25
100 _aJasaui Sabat, Oscar
_920096
245 _aFinanciamiento de proyectos /
260 _aLima :
_bUniversidad del Pacífico,
_c1994.
300 _a182 páginas ;
_c20 cm.
440 _aContabilidad y finanzas.
_n19
_920097
505 _aEn que consiste el financiamiento de proyectos -- Identificación, evaluación y gerencia de los riesgos -- Fuentes de financiamientos de proyectos -- Instrumentos del financiamiento de proyectos ...
650 _aFinanciamiento de proyectos
_920098
650 _aRiesgo
_919116
710 _aUniversidad del Pacífico (Lima)
_910408
942 _2ddc
_cLIBROS
945 _aacv